| 000 -LEADER |
| fixed length control field |
01869cam a2200397La 4500 |
| 001 - CONTROL NUMBER |
| control field |
.b1518433x |
| 003 - CONTROL NUMBER IDENTIFIER |
| control field |
OCoLC |
| 005 - DATE AND TIME OF LATEST TRANSACTION |
| control field |
20190802144851.0 |
| 008 - FIXED-LENGTH DATA ELEMENTS--GENERAL INFORMATION |
| fixed length control field |
151012s2013 enka 001 0 eng |
| 020 ## - INTERNATIONAL STANDARD BOOK NUMBER |
| International Standard Book Number |
9781409364450 (hbk.) : |
| 020 ## - INTERNATIONAL STANDARD BOOK NUMBER |
| International Standard Book Number |
1409364453 (hbk.) : |
| 035 ## - SYSTEM CONTROL NUMBER |
| System control number |
(OCoLC)828097386 |
| Canceled/invalid control number |
(OCoLC)844058565 |
| -- |
(OCoLC)868739410 |
| 040 ## - CATALOGING SOURCE |
| Original cataloging agency |
Nz |
| Language of cataloging |
eng |
| Transcribing agency |
NZKAP |
| Modifying agency |
OCLCO |
| -- |
AUMCS |
| -- |
OKU |
| -- |
MK |
| -- |
UKMGB |
| -- |
AUGEN |
| -- |
OCLCF |
| -- |
YDXCP |
| -- |
AU@ |
| -- |
AUMCS |
| -- |
TWWZU |
| 041 0# - LANGUAGE CODE |
| Language code of text/sound track or separate title |
eng |
| 042 ## - AUTHENTICATION CODE |
| Authentication code |
nbic |
| 082 0# - DEWEY DECIMAL CLASSIFICATION NUMBER |
| Classification number |
320 POL |
| 245 04 - TITLE STATEMENT |
| Title |
The politics book / |
| Statement of responsibility, etc. |
[Paul Kelly, consultant editor] |
| 260 ## - PUBLICATION, DISTRIBUTION, ETC. |
| Place of publication, distribution, etc. |
London : |
| Name of publisher, distributor, etc. |
DK, |
| Date of publication, distribution, etc. |
c2013. |
| 300 ## - PHYSICAL DESCRIPTION |
| Extent |
352 p. : |
| Other physical details |
ill. (some col.) ; |
| Dimensions |
25 cm. |
| 490 1# - SERIES STATEMENT |
| Series statement |
Big ideas simply explained. |
| 500 ## - GENERAL NOTE |
| General note |
Includes index. |
| 505 0# - FORMATTED CONTENTS NOTE |
| Formatted contents note |
Ancient political thought, 800 BCE-30 CE -- Medieval politics, 30 CE-1515 CE -- Rationality and enlightenment, 1515-1770 -- Revolutionary thoughts, 1770-1848 -- The rise of the masses, 1848-1910 -- The clash of ideologies, 1910-1945 -- Postwar politics, 1945-present. |
| 520 ## - SUMMARY, ETC. |
| Summary, etc. |
Learning about the vast concept of politics can be daunting, this book makes it easier than ever by giving you all the big ideas, simply explained. It includes more than 100 ideas in the history of politics that are helpfully broken down so that abstract topics, such as theoretical foundations and practical applications become real. |
| 650 #0 - SUBJECT ADDED ENTRY--TOPICAL TERM |
| Topical term or geographic name entry element |
Political science. |
| 700 1# - ADDED ENTRY--PERSONAL NAME |
| Personal name |
Kelly, P. J. |
| Fuller form of name |
(Paul Joseph) |
| Relator term |
Consultant editor |
| 700 1# - ADDED ENTRY--PERSONAL NAME |
| Personal name |
Dacombe, Rod |
| Relator term |
Contributor |
| 700 1# - ADDED ENTRY--PERSONAL NAME |
| Personal name |
Farndon, John |
| Relator term |
Contributor |
| 700 1# - ADDED ENTRY--PERSONAL NAME |
| Personal name |
Hodson, A.S. |
| Relator term |
Contributor |
| 700 1# - ADDED ENTRY--PERSONAL NAME |
| Personal name |
Johnson, Jesper |
| Relator term |
Contributor |
| 700 1# - ADDED ENTRY--PERSONAL NAME |
| Personal name |
Kishtainy, Niall |
| Relator term |
Contributor |
| 700 1# - ADDED ENTRY--PERSONAL NAME |
| Personal name |
Meadway, James |
| Relator term |
Contributor |
| 700 1# - ADDED ENTRY--PERSONAL NAME |
| Personal name |
Pusca, Anca |
| Relator term |
Contributor |
| 700 1# - ADDED ENTRY--PERSONAL NAME |
| Personal name |
Weeks, Marcus |
| Relator term |
Contributor |
| 830 #0 - SERIES ADDED ENTRY--UNIFORM TITLE |
| Uniform title |
Big ideas simply explained. |
| 942 ## - ADDED ENTRY ELEMENTS (KOHA) |
| Source of classification or shelving scheme |
|
| Koha item type |
Books - Non Ficton |